Normal view
MARC view
- دمشق -تاريخ
Entry Topical Term
001 - CONTROL NUMBER
- control field: 6970
003 - CONTROL NUMBER IDENTIFIER
- control field: JO-AjAnu
005 - DATE AND TIME OF LATEST TRANSACTION
- control field: 20230606071429.0
008 - FIXED-LENGTH DATA ELEMENTS
- fixed length control field: 230606|| aca||aabn | a|a d
040 ## - CATALOGING SOURCE
- Original cataloging agency: JO-AjAnu
- Transcribing agency: JO-AjAnu
150 ## - HEADING--TOPICAL TERM
- Topical term or geographic name entry element: دمشق -تاريخ
670 ## - SOURCE DATA FOUND
- Source citation: Work cat.: (JO-AjAnu)3610: دراسة وجمع وتحقيق هزايمة، عصام مصطفى، بني ياسين يوسف أحمد, author 6969, تاريخ دمشق لابن ابي العجائز الأزدي أحمد بن حميد (ت ق 4 هجري - ق 10 م )